| 000 | 00332nam a22001337a 4500 | ||
|---|---|---|---|
| 008 | 180308b xxu||||| |||| 00| 0 eng d | ||
| 020 | _a0865422699 | ||
| 041 | _aeng | ||
| 080 |
_23rd _a618 |
||
| 100 | _a10 | ||
| 101 | _aGJIN | ||
| 245 |
_aManagement of common probelms in obstetrics and gynecology _cMishell,D.R |
||
| 942 |
_2udc _cBK |
||
| 999 |
_c44401 _d44401 |
||